| 000 | 00557nam a2200193 a 4500 | ||
|---|---|---|---|
| 001 | 19139 | ||
| 003 | CO-ViMGA | ||
| 008 | 141112s2004 ck r 000 u spa d | ||
| 020 | _a9681662911 | ||
| 040 |
_aCO-ViMGA _bspa _cCO-ViMGA |
||
| 082 | 0 | 4 | _aVELv |
| 100 | 1 |
_aVELDKAMP, Tjibbe; Hopman, Philip _927445 |
|
| 245 | 1 | 0 | _a22 huerfanos |
| 260 |
_aMexico : _bFondo de Cultura Ecónomica; 2000 |
||
| 490 | _aA la orilla del viento; 24 | ||
| 590 | _aForma de adquisición : Premio Mincultura | ||
| 650 | 1 | 4 |
_aCUENTOS INFANTILES HOLANDESES _915938 |
| 942 |
_2ddc _cBK |
||
| 999 |
_c3087 _d3087 |
||